000
00215 a2200097 4500
001
57160
100
_a
245
_a
Introduction to Statistics
260
_a
New york
_b
millan
_c
1982
090
_c
35092
_d
35092
942
_a
NUST-CAE
_c
MONOGRAPH
_c
27883
999
_c
292233
_d
292233